| 000 | 00000nam 2200000zi 4500 |
| 001 | 9.945283 |
| 003 | CaOODSP |
| 005 | 20241121094721 |
| 006 | m o d f |
| 007 | cr mn||||||||| |
| 008 | 241118s1972 oncd ob f000 0 eng d |
| 040 | |aCaOODSP|beng|erda|cCaOODSP |
| 043 | |an-cn--- |
| 086 | 1 |aCo41-1/7ABE-PDF|zCo41-1/7AB |
| 245 | 00|aRegulatory bodies : |bstructures and roles. |
| 264 | 1|aOttawa : |bDepartment of Communications, |c1972. |
| 300 | |a1 online resource (129 pages) : |bchart. |
| 336 | |atext|btxt|2rdacontent |
| 337 | |acomputer|bc|2rdamedia |
| 338 | |aonline resource|bcr|2rdacarrier |
| 490 | 1 |aTelecommission study ; |v7(a)(b) |
| 500 | |aIssued also in French under title: Structure et rôle des organismes de réglementation des télécommunications. |
| 500 | |aDigitized edition from print [produced by Innovation, Science and Economic Development Canada]. |
| 504 | |aIncludes bibliographical references. |
| 650 | 0|aTelecommunication policy|zCanada. |
| 650 | 0|aIndependent regulatory commissions|zCanada. |
| 710 | 1 |aCanada. |bDepartment of Communications, |eissuing body. |
| 775 | 08|tStructure et rôle des organismes de réglementation des télécommunications.|w(CaOODSP)9.945284 |
| 830 | #0|aTelecommission study ;|v7(a)(b).|w(CaOODSP)9.927947 |
| 856 | 40|qPDF|s1.56 MB|uhttps://publications.gc.ca/collections/collection_2024/isde-ised/co41-1/Co41-1-7AB-eng.pdf |